000 00811nab a2200253 u 4500
001 14795
003 HDC
007 cr bn ---aaaaa
008 210216c mydr|nes 0 a may d
040 _aHDC
100 _aMahani Ishak
_eauthor
_97990
245 0 _aPromosi perdangan usahawan wanita /
_cby Mahani Ishak
260 _aMalaysia:
_bBerita Harian,
_c2014
336 _atext
_2rdacontent
337 _acomputer
_2rdamedia
338 _aonline resource
_2rdacarrier
650 _aexport
_94753
650 _apromotions product
_915233
710 _aBerita Harian
856 _zRequest full-text at [email protected]
942 _2lcc
942 _cNEWS
942 _kNSWC 004704
999 _c12111
_d12111